|
|
|
|
| LEADER |
00000cam a2200000 7i4500 |
| 001 |
0000009022 |
| 002 |
000009832 |
| 005 |
20250311113407.0 |
| 020 |
|
|
|a 0710506848
|
| 090 |
0 |
0 |
|a JF
|b CIN
|
| 245 |
1 |
0 |
|a Little Red Riding Hood
|c retold by Jenny Clayton ; illustratedby Stephanie Longfoot
|
| 260 |
|
|
|a England :
|b Peter Haddock Ltd ,
|c 19__
|
| 300 |
|
|
|a p.v. :
|b ill. ;
|c 17cm.
|
| 490 |
0 |
|
|a Never-never land stories
|
| 650 |
0 |
0 |
|a Children's stories
|
| 700 |
1 |
|
|a Longfoot, Stephanie ,
|e illustrated
|
| 999 |
|
|
|a 047569
|b BUKU
|c PINJAMAN
|e PERPUSTAKAAN KOMUNITI PETALING JAYA
|
| 999 |
|
|
|a 047572
|b BUKU
|c PINJAMAN
|e PERPUSTAKAAN KOMUNITI PETALING JAYA
|
| 999 |
|
|
|a 047576
|b BUKU
|c PINJAMAN
|e PERPUSTAKAAN KOMUNITI PETALING JAYA
|
| 999 |
|
|
|a 047579
|b BUKU
|c PINJAMAN
|e PERPUSTAKAAN KOMUNITI PETALING JAYA
|
| 999 |
|
|
|a 047582
|b BUKU
|c PINJAMAN
|e PERPUSTAKAAN KOMUNITI PETALING JAYA
|